Indian Polity : For Civil Services and other State Examinations (Record no. 10828)
[ view plain ]
| 000 -LEADER | |
|---|---|
| fixed length control field | 00413nam a2200145Ia 4500 |
| 008 - FIXED-LENGTH DATA ELEMENTS--GENERAL INFORMATION | |
| fixed length control field | 191201s2011 xx 000 0 und d |
| 082 ## - DEWEY DECIMAL CLASSIFICATION NUMBER | |
| Classification number | 320.954076 |
| Item number | LAI |
| 100 ## - MAIN ENTRY--PERSONAL NAME | |
| Personal name | LAXMIKANTH, M. |
| 245 #0 - TITLE STATEMENT | |
| Title | Indian Polity : For Civil Services and other State Examinations |
| 250 ## - EDITION STATEMENT | |
| Edition statement | 6th |
| 260 ## - PUBLICATION, DISTRIBUTION, ETC. (IMPRINT) | |
| Place of publication, distribution, etc | New Delhi |
| Name of publisher, distributor, etc | Mc Graw Hill |
| Date of publication, distribution, etc | 2021 |
| 300 ## - PHYSICAL DESCRIPTION | |
| Extent | Misc |
| 650 ## - SUBJECT ADDED ENTRY--TOPICAL TERM | |
| Topical term or geographic name as entry element | Bachelor of Mass Communication |
| 942 ## - ADDED ENTRY ELEMENTS (KOHA) | |
| Source of classification or shelving scheme | Dewey Decimal Classification |
| Koha item type | Text Books |
| 942 ## - ADDED ENTRY ELEMENTS (KOHA) | |
| -- | 22 |
| Withdrawn status | Lost status | Source of classification or shelving scheme | Damaged status | Not for loan | Collection code | Home library | Current library | Date acquired | Source of acquisition | Currency | Cost, normal purchase price | Bill Number | Total Checkouts | Full call number | Acc. no. / Barcode | Date last seen | Date last borrowed | Actual Cost, discounted price | Bill Date | Koha item type |
|---|---|---|---|---|---|---|---|---|---|---|---|---|---|---|---|---|---|---|---|---|
| Dewey Decimal Classification | Bachelor Of Mass Communication | PIET NCR College Library | PIET NCR College Library | 31/07/2021 | Kirti Prakashan | IN Rupees | 940.00 | IN2311 | 21 | 320.954076 LAI | N1807 | 26/09/2025 | 15/09/2025 | 639.20 | 31/07/2021 | Text Books | ||||
| Dewey Decimal Classification | Bachelor Of Mass Communication | PIET NCR College Library | PIET NCR College Library | 31/07/2021 | Kirti Prakashan | IN Rupees | 940.00 | IN2311 | 32 | 320.954076 LAI | N1808 | 24/09/2025 | 18/09/2025 | 639.20 | 31/07/2021 | Text Books | ||||
| Dewey Decimal Classification | Bachelor Of Mass Communication | PIET NCR College Library | PIET NCR College Library | 31/07/2021 | Kirti Prakashan | IN Rupees | 940.00 | IN2311 | 24 | 320.954076 LAI | N1809 | 05/06/2025 | 30/05/2025 | 639.20 | 31/07/2021 | Text Books | ||||
| Dewey Decimal Classification | Bachelor Of Mass Communication | PIET NCR College Library | PIET NCR College Library | 31/07/2021 | Kirti Prakashan | IN Rupees | 940.00 | IN2311 | 25 | 320.954076 LAI | N1810 | 05/06/2025 | 28/05/2025 | 639.20 | 31/07/2021 | Text Books | ||||
| Dewey Decimal Classification | Bachelor Of Mass Communication | PIET NCR College Library | PIET NCR College Library | 31/07/2021 | Kirti Prakashan | IN Rupees | 940.00 | IN2311 | 16 | 320.954076 LAI | N1811 | 24/12/2025 | 19/12/2025 | 639.20 | 31/07/2021 | Text Books |